Industrial hydraulics (Record no. 7178)

000 -LEADER
fixed length control field 00551nam a2200205 i 4500
001 - CONTROL NUMBER
control field 7178
003 - CONTROL NUMBER IDENTIFIER
control field BD-DhUET
008 - FIXED-LENGTH DATA ELEMENTS--GENERAL INFORMATION
fixed length control field 780705s1979 nyua 001 0 eng
020 ## - INTERNATIONAL STANDARD BOOK NUMBER
International Standard Book Number 070664773
040 ## - CATALOGING SOURCE
Original cataloging agency DLC
Transcribing agency DLC
Modifying agency BD-DhUET
082 00 - DEWEY DECIMAL CLASSIFICATION NUMBER
Classification number 621.2
Item number PIP/1980
100 1# - MAIN ENTRY--PERSONAL NAME
Personal name Pippenger, John J.
245 10 - TITLE STATEMENT
Title Industrial hydraulics
Statement of responsibility, etc. by John J. Pippenger and Tyler G. Hicks
250 ## - EDITION STATEMENT
Edition statement 3d ed.
260 ## - PUBLICATION, DISTRIBUTION, ETC. (IMPRINT)
Place of publication, distribution, etc. New York
Name of publisher, distributor, etc. McGraw-Hill
Date of publication, distribution, etc. 1980
300 ## - PHYSICAL DESCRIPTION
Extent vi, 440 p.
Other physical details ill.
Dimensions 25 cm.
650 #0 - SUBJECT ADDED ENTRY--TOPICAL TERM
Topical term or geographic name as entry element Hydraulic machinery
700 ## - ADDED ENTRY--PERSONAL NAME
Personal name Hicks, Tyler G.
942 ## - ADDED ENTRY ELEMENTS (KOHA)
Koha item type General Book
Holdings
Date acquired Koha item type Source of classification or shelving scheme Damaged status Koha normalized classification for sorting Lost status Sublocation or collection (holding branch) Copy number Piece designation (barcode) Not for loan Location (home branch) Koha date last seen Price effective from Withdrawn status Koha full call number Shelving location
2014-12-07Contented Book   621_200000000000000_PIP1980 Central Library, BUET459770 Central Library, BUET2014-12-072014-12-07 621.2 /PIP/1980Circulation section
2014-12-07Contented Book   621_200000000000000_PIP1980 Central Library, BUET559771 Central Library, BUET2014-12-072014-12-07 621.2 /PIP/1980Circulation section
2014-12-07Contented Book   621_200000000000000_PIP1980 Central Library, BUET659772 Central Library, BUET2014-12-072014-12-07 621.2 /PIP/1980Circulation section
2014-12-07Contented Book   621_200000000000000_PIP1980 Central Library, BUET156769 Central Library, BUET2014-12-072014-12-07 621.2 /PIP/1980Circulation section
2014-12-07Contented Book   621_200000000000000_PIP1980 Central Library, BUET759773 Central Library, BUET2014-12-072014-12-07 621.2 /PIP/1980Circulation section
2014-12-07Contented Book   621_200000000000000_PIP1980 Central Library, BUET1059776 Central Library, BUET2014-12-072014-12-07 621.2 /PIP/1980Circulation section
2014-12-07Contented Book   621_200000000000000_PIP1980 Central Library, BUET256770 Central Library, BUET2014-12-072014-12-07 621.2 /PIP/1980Circulation section
2014-12-07Contented Book   621_200000000000000_PIP1980 Central Library, BUET959775 Central Library, BUET2014-12-072014-12-07 621.2 /PIP/1980Circulation section
2014-12-07Contented Book   621_200000000000000_PIP1980 Central Library, BUET959769 Central Library, BUET2014-12-072014-12-07 621.2 /PIP/1980Circulation section
2014-12-07Contented Book   621_200000000000000_PIP1980 Central Library, BUET1159777 Central Library, BUET2014-12-072014-12-07 621.2 /PIP/1980Circulation section
2015-06-16Reading Item  621_200000000000000_PIP_1980 Central Library, BUET1259778 Central Library, BUET2015-06-162015-06-16 621.2/PIP/1980Reading section